Sanat: "Mitä jos mä rakastan sua" - Yö - Statistics

Yleistilastot
  • Tätä visaa on pelattu 22 kertaa
  • Keskiarvotulos 144 / 224
Vastaustilastot
% Oikein
Jos
100%
jos
100%
100%
100%
mitä
100%
Mitä
100%
rakastan
100%
sua
100%
enemmän
95%
kuin
95%
95%
rakkaus
89%
Se,
89%
seuraavaan?
89%
tarkoittaa?
89%
ja
84%
on
84%
saa,
79%
saa.
79%
sen,
74%
valovuoteen
74%
kellot
68%
kertaa
63%
sanon
63%
soittaa
63%
tahdon
63%
tuhat
63%
mulla
58%
Mulla
58%
No
58%
oon
58%
sun
58%
ääriin
53%
että
53%
maan.
53%
kannan
47%
koti
47%
luona.
47%
ne
47%
ei
42%
kaiken,
42%
laitan
42%
Sata
42%
sormees
42%
sormusta
42%
asunut
37%
joista
37%
olla
37%
puhutaan,
37%
tarjoo
37%
tarvitaan.
37%
mikään
32%
onneen
32%
taloissa,
32%
auringon,
26%
häviää
26%
ihminen.
26%
kaikki
26%
kanssasi
26%
kylmä
26%
milloinkaan.
26%
nousuissa
26%
hoitamatta
21%
jää.
21%
puhua
21%
rakenteisiin
21%
varkain
21%
Ettei
16%
kahvat
16%
katot
16%
kullatut
16%
minne
16%
opetit
16%
ovien.
16%
saisi
16%
seinät
16%
silti
16%
tärkee
16%
täytyy
16%
unohtaa,
16%
vaalia
16%
kurkottaa.
11%
huoneissaan.
0%
Ehtoja vastaavia visoja ei löytynyt
Tulosjakauma
Jokaisen tuloksen saaneiden osuus
Persentiili vastausten määrän mukaan
Tuloshistoriasi
Et ole pelannut tätä visaa